000 01360cam a22003497a 4500
001 15501779
005 20170105102913.0
008 081028s2008 oncbf b 001 0 eng
010 _a 2008431610
016 _a20089017544
020 _a9781554700875
020 _a1554700876
035 _a(OCoLC)ocn214713206
040 _aNLC
_beng
_cNLC
_dBTCTA
_dBAKER
_dCDX
_dYDXCP
_dBWX
_dDLC
042 _alccopycat
050 0 0 _aDS35.74.U6
_bM37 2008
082 0 4 _a303.48/2176701821
_222
100 1 _aMargolis, Eric S.
245 1 0 _aAmerican Raj liberation or domination? :
_bresolving the conflict between the West and the Muslim world /
_cEric S. Margolis.
260 _aToronto :
_bKey Porter Books,
_cc2008.
300 _a400 p. ;
_bmaps, [8] p. of plates
_c24 cm.
504 _aIncludes bibliographical references (p. 383-387) and index.
650 0 _aEast and West.
651 0 _aIslamic countries
_xRelations
_zWestern countries.
651 0 _aIslamic countries
_xRelations
_zUnited States.
651 0 _aWestern countries
_xRelations
_zIslamic countries.
651 0 _aUnited States
_xRelations
_zIslamic countries.
856 4 1 _3Table of contents only
_uhttp://www.loc.gov/catdir/toc/fy0903/2008431610.html
906 _a7
_bcbc
_ccopycat
_d2
_encip
_f20
_gy-gencatlg
942 _2ddc
_cBK
999 _c15231
_d15231